| 000 | 01678nam a22003377a 4500 | ||
|---|---|---|---|
| 003 | OSt | ||
| 005 | 20230420114546.0 | ||
| 008 | 221006b |||||||| |||| 00| 0 eng d | ||
| 040 | _cBiblioteca Lado V | ||
| 082 |
_a700 _bZ39a |
||
| 100 |
_9802 _aZaya, Antonio _eeditor _edirector |
||
| 245 |
_aAtalantica/ _bRevista de Arte y Pensamiento/ |
||
| 260 |
_bCentro Atlantico de Arte Moderno _c1995 _aEspaña |
||
| 300 |
_c24x30cm _a193p. |
||
| 366 | _efre | ||
| 366 | _eeng | ||
| 490 |
_v1995 _x1132-8428 _a11 |
||
| 505 |
_tTerritorios _aHacia una Cultura Post-Apartheid Alf Kumalo Proyecto de Alf Kumalo El estado del Arte en SudáfricaProyecto de Gary Van Wyk Manteniendo el fuego Proyecto de Penny Siopis Por que no han existido artistas africanos |
||
| 505 |
_tNexus _aEl yo multiple Maureen Connor Javier Camarasa El ojo no ve lo que le toca |
||
| 505 |
_tRevista _aEl Regreso del arte Islamico en Iran Las esculturas Recientes de Bright Bimpong Txuspo Poyo Proyecto de Txuspo Poyo La vida ordinaria de la gente extraordinaria Proyecto de Nan Golding Protegeme de mi deseo |
||
| 650 |
_2Tesauro de Arte & Arquitectura _aARTE _9703 |
||
| 650 |
_2Tesauro de Arte & Arquitectura _aEXPOSICIONES |
||
| 650 |
_2Tesauro de Arte & Arquitectura _aCULTURA |
||
| 650 |
_2Tesauro de Arte & Arquitectura _aAPRECIACION |
||
| 650 |
_2Tesauro de Arte & Arquitectura _aTEORIA |
||
| 650 |
_2Tesauro de Arte & Arquitectura _aCRITICA |
||
| 650 |
_2Tesauro de Arte & Arquitectura _aFOTOGRAFIA _9702 |
||
| 650 |
_2Tesauro de Arte & Arquitectura _aLITERATURA |
||
| 650 |
_2Tesauro de Arte & Arquitectura _aESPAÑA |
||
| 942 |
_2ddc _c1 _h700 _iZ39a _n0 |
||
| 999 |
_c3402 _d3402 |
||